000 00959cab a22001935 4500
001 L154363
008 111118e20111118xxkad f s 000 0 eng u
035 _a(Sirsi) u154363
041 0 _aeng
100 1 _aWithers, Iain
245 0 0 _aFive things to ask the genie
_bleague tables of Britain's top 20 most active specialists by sector
260 _c2011
490 0 _aBuilding
_v276 (8704) 18 November 2011, 32-39(6)
520 _aPresents commentary and lists of Britain's most active specialist contractors November 2010-September 2011: foundations specialists, external wall specialists, frame specialists, H&V specialists, roofing specialists, M&E specialists, mechanical specialists, interior fit-out specialists and electrical specialists. All lists show company names, total projects value and total number of projects.
651 4 _aUnited Kingdom
_y
690 _aBUILT ENVIRONMENT-CONSTRUCTION MARKET
710 _aABI Inform
_95991
942 _n0
999 _c83594
_d83594